Na-Yaab; (Record no. 46866)

MARC details
000 -LEADER
fixed length control field 01163njm a22003017a 4500
005 - DATE AND TIME OF LATEST TRANSACTION
control field 20100920141642.0
006 - FIXED-LENGTH DATA ELEMENTS--ADDITIONAL MATERIAL CHARACTERISTICS--GENERAL INFORMATION
fixed length control field a|||||r|||||00| 0
007 - PHYSICAL DESCRIPTION FIXED FIELD--GENERAL INFORMATION
fixed length control field sd ammalaaahaa
008 - FIXED-LENGTH DATA ELEMENTS--GENERAL INFORMATION
fixed length control field 100913t xxu||||| |||| 00| 0 hin d
028 ## - PUBLISHER NUMBER
Publisher number 2675530
Source Music India
035 ## - SYSTEM CONTROL NUMBER
System control number GR-03930
040 ## - CATALOGING SOURCE
Original cataloging agency SED/VEN
100 ## - MAIN ENTRY--PERSONAL NAME
Personal name Pankaj Udhas
9 (RLIN) 1184
245 ## - TITLE STATEMENT
Title Na-Yaab;
Statement of responsibility, etc by Pankaj Udhas, lyric : Zafar Gorakhpuri
Medium [sound recording] :
Remainder of title (Ghazals) Long Play
246 ## - VARYING FORM OF TITLE
Title proper/short title न -याब (ग़ज़ल्स)( पंकज उधास )
260 ## - PUBLICATION, DISTRIBUTION, ETC. (IMPRINT)
Place of publication, distribution, etc Dum Dum India
Name of publisher, distributor, etc Music India
300 ## - PHYSICAL DESCRIPTION
Extent 1 sound disc [Gramophone record] :
Other physical details analog, 33 1/3 rpm
Dimensions 12.5 in. (LP)
Type of unit Gramophone Record
500 ## - GENERAL NOTE
General note Brief Record
500 ## - GENERAL NOTE
General note Record label :Music India, Red
505 ## - FORMATTED CONTENTS NOTE
Formatted contents note Side 1 Raat Ghatayen khushboo (Na-Yaab) Ghazals ,Pankaj Udhas Side 2 Ek taraf Uska ghar (Na-Yaab) Ghazals ,Pankaj Udhas
600 ## - SUBJECT ADDED ENTRY--PERSONAL NAME
9 (RLIN) 19992
650 ## - SUBJECT ADDED ENTRY--TOPICAL TERM
Topical term or geographic name as entry element Film Music
General subdivision Excerpts
Geographic subdivision India
9 (RLIN) 20525
650 ## - SUBJECT ADDED ENTRY--TOPICAL TERM
9 (RLIN) 20526
700 ## - ADDED ENTRY--PERSONAL NAME
9 (RLIN) 19604
Personal name Zafar Gorakhpuri
700 ## - ADDED ENTRY--PERSONAL NAME
9 (RLIN) 19605
Personal name G.L.Rawal
942 ## - ADDED ENTRY ELEMENTS (KOHA)
Source of classification or shelving scheme Dewey Decimal Classification
Item type Gramaphone Records
Holdings
Withdrawn status Lost status Source of classification or shelving scheme Damaged status Not for loan Collection code Home library Current library Date acquired Source of acquisition Total Checkouts Barcode Date last seen Copy number Price effective from Koha item type
    Dewey Decimal Classification   Not For Loan Non-fiction Central Library Central Library 20/09/2010 SED VEN   GR-03930 20/09/2010 1 20/09/2010 Gramaphone Records

© Delhi Public Library
Hit Counter
free hit counter